[Event "TCh-SRB 1st League 2013"]
[Site "Kragujevac SRB"]
[Date "2013.08.26"]
[Round "3.1"]
[White "Georgiev,Ki"]
[Black "Kadric,D"]
[Result "1-0"]
[WhiteElo "2637"]
[BlackElo "2458"]

1.c4 e5 2.Nc3 d6 3.g3 f5 4.d4 Be7 5.Bg2 Nf6 6.Nf3 e4 7.Ng5 O-O 8.O-O h6 9.Nh3 g5
10.f3 exf3 11.exf3 c5 12.f4 g4 13.Nf2 Nc6 14.Be3 cxd4 15.Bxd4 Be6 16.b3 Bf7
17.Rc1 Qd7 18.Be3 Rfd8 19.Nd5 Nxd5 20.cxd5 Nb4 21.Qd4 Na6 22.Bd2 Rdc8 23.Rc4 Kh7
24.Nxg4 Qd8 25.Ne3 Rxc4 26.bxc4 Bf6 27.Qd3 Bg6 28.Bh3 Nc5 29.Qc2 Bd4 30.Bxf5 Qf6
31.Kg2 Re8 32.Bxg6+ Qxg6 33.Qxg6+ Kxg6 34.Kf3 Ne4 35.Bc1 Nc3 36.Rf2 Rc8 37.Rc2 Na4
38.g4 Nb6 39.Nf5 Bc5 40.Ne7+  1-0

[Event "TCh-SRB 1st League 2013"]
[Site "Kragujevac SRB"]
[Date "2013.08.28"]
[Round "5.2"]
[White "Grachev,B"]
[Black "Georgiev,Ki"]
[Result "1/2-1/2"]
[WhiteElo "2676"]
[BlackElo "2637"]

1.d4 Nf6 2.c4 e6 3.Nc3 Bb4 4.e3 O-O 5.Bd3 d5 6.Nf3 c5 7.O-O dxc4 8.Bxc4 b6
9.Qe2 Bb7 10.Rd1 cxd4 11.exd4 Bxc3 12.bxc3 Nbd7 13.Bd3 Qc7 14.c4 Rfd8 15.Bb2 Qf4
16.Qe3 Qxe3 17.fxe3 Be4 18.Be2 Bc2 19.Rdc1 Ba4 20.Nd2 Rac8 21.Nb1 Ne4 22.Nc3 Bc6
23.Nxe4 Bxe4 24.a4 Rc7 25.a5 Rdc8 26.Ba3 h6 27.Rd1 Bc2 28.Rdc1 Bb3 29.c5 bxc5
30.dxc5 Bd5 31.Rc3  1/2-1/2

[Event "TCh-SRB 1st League 2013"]
[Site "Kragujevac SRB"]
[Date "2013.08.31"]
[Round "8.4"]
[White "Georgiev,Ki"]
[Black "Mastrovasilis,D"]
[Result "1-0"]
[WhiteElo "2637"]
[BlackElo "2595"]

1.d4 d5 2.c4 c6 3.cxd5 cxd5 4.Bf4 Nc6 5.e3 Nf6 6.Nc3 a6 7.Bd3 Bg4 8.Nge2 e6
9.O-O Bd6 10.f3 Bh5 11.Rc1 Bg6 12.Na4 O-O 13.Bxd6 Qxd6 14.Nc5 Rab8 15.Qd2 Nd7
16.Bxg6 hxg6 17.Nd3 Rfc8 18.Rc3 Ne7 19.Rfc1 Rxc3 20.Rxc3 Rc8 21.Rxc8+ Nxc8
22.Qc3 Na7 23.h3 g5 24.Kf2 Qc6 25.Qb4 Nc8 26.Ne5 Qc7 27.Qc3 Qxc3 28.Nxc3 Nb8
29.e4 f6 30.Nd3 dxe4 31.fxe4 Kf8 32.Ke3 Nd6 33.b3 Ke7 34.g4 Nd7 35.e5 Nf7
36.Ne4 b5 37.Ndc5 f5 38.Nxd7 Kxd7 39.Nc5+  1-0

[Event "TCh-SRB 1st League 2013"]
[Site "Kragujevac SRB"]
[Date "2013.09.01"]
[Round "9.4"]
[White "Indjic,A"]
[Black "Georgiev,Ki"]
[Result "0-1"]
[WhiteElo "2549"]
[BlackElo "2637"]

1.d4 Nf6 2.c4 e6 3.Nc3 Bb4 4.Qc2 d5 5.cxd5 Qxd5 6.Nf3 Qf5 7.Qd1 O-O 8.e3 c5
9.Bd3 Qh5 10.O-O Nc6 11.Ne2 cxd4 12.exd4 Bd6 13.Bf4 Bxf4 14.Nxf4 Qh6 15.Qd2 b6
16.Rad1 Bb7 17.Bb1 Rad8 18.Rfe1 e5 19.Nxe5 Nxd4 20.Qe3 Qxf4 21.Qxf4 Ne2+
22.Kf1 Nxf4 23.Rxd8 Bxg2+  0-1

[Event "TCh-CRO Ia Liga 2013"]
[Site "Bol CRO"]
[Date "2013.09.14"]
[Round "2.4"]
[White "Georgiev,Ki"]
[Black "Nevednichy,V"]
[Result "1-0"]
[WhiteElo "2637"]
[BlackElo "2574"]

1.d4 d6 2.Nf3 Nf6 3.c4 g6 4.g3 Bg7 5.Bg2 c6 6.O-O O-O 7.Nc3 Qa5 8.e4 e5 9.h3 Nbd7
10.Re1 exd4 11.Nxd4 Ne5 12.Bf1 Re8 13.Rb1 d5 14.exd5 cxd5 15.cxd5 Nxd5 16.Bd2 Bd7
17.Bg2 Nxc3 18.Bxc3 Qb6 19.Qb3 Qxb3 20.Nxb3 Rab8 21.Nc5 Bf5 22.Rbd1 b6 23.Na6 Rbc8
24.Bb7 Rc4 25.f4 Bc8 26.Bd5 Rxc3 27.bxc3 Bxa6 28.fxe5 Bxe5 29.Re4 Kg7 30.Rde1 f6
31.Ra4 Bd3 32.Rxa7+ Kh6 33.Kg2 Rd8 34.Bb3 Bb5 35.Rd1 Rc8 36.c4 Bxc4 37.Bxc4 Rxc4
38.Rd3 Bd4 39.Kf3 f5 40.h4 g5 41.hxg5+ Kg6 42.Rb7 Ra4 43.Rd2 Kxg5 44.Rxh7 Ra3+
45.Ke2 Bc5 46.Re7 Rxg3 47.Rg7+ Kf4 48.Rxg3 Kxg3 49.Rd5 Kf4 50.Kd3 Bf2 51.a4 Bg1
52.Rb5 Kg4 53.Rb1 Bf2 54.Ke2 Bc5 55.Rc1 Be7 56.Rc6 Bd8 57.Rc8 Be7 58.Rc7 Bf6
59.Kd3 Bd8 60.Rd7 Bh4 61.Ke2 f4 62.Rd6 f3+ 63.Kf1 Kf5 64.Rxb6 Bd8 65.a5  1-0

[Event "TCh-CRO Ia Liga 2013"]
[Site "Bol CRO"]
[Date "2013.09.16"]
[Round "3.3"]
[White "Kozul,Z"]
[Black "Georgiev,Ki"]
[Result "1/2-1/2"]
[WhiteElo "2601"]
[BlackElo "2637"]

1.d4 d5 2.c4 c6 3.e3 Nf6 4.Nc3 g6 5.Nf3 Bg7 6.Bd3 O-O 7.O-O Bg4 8.h3 Bxf3
9.Qxf3 e6 10.Rd1 Nbd7 11.b3 Qe7 12.Bb2  1/2-1/2

[Event "TCh-CRO Ia Liga 2013"]
[Site "Bol CRO"]
[Date "2013.09.20"]
[Round "7.5"]
[White "Cheparinov,I"]
[Black "Georgiev,Ki"]
[Result "1/2-1/2"]
[WhiteElo "2687"]
[BlackElo "2637"]

1.d4 Nf6 2.c4 e6 3.Nf3 b6 4.g3 Bb4+ 5.Bd2 Bxd2+ 6.Qxd2 Ba6 7.b3 c6 8.Qf4 d5
9.Nbd2 Nbd7 10.e4 dxe4 11.Nxe4 O-O 12.Nxf6+ Qxf6 13.Qxf6 gxf6 14.O-O-O Rfd8
15.Bg2 Rac8 16.Rd2 Kf8 17.Kb2 f5 18.Rhd1 Rc7 19.d5 cxd5 20.cxd5 Nf6 21.dxe6 Rxd2+
22.Rxd2 fxe6 23.Ne5 Bb5 24.a4 Be8 25.Rd4 Ke7  1/2-1/2

[Event "TCh-CRO Ia Liga 2013"]
[Site "Bol CRO"]
[Date "2013.09.21"]
[Round "8.1"]
[White "Lalic,B"]
[Black "Georgiev,Ki"]
[Result "1/2-1/2"]
[WhiteElo "2476"]
[BlackElo "2637"]

1.d4 Nf6 2.c4 e6 3.Nf3 d5 4.Nc3 Be7 5.Bg5 h6 6.Bh4 O-O 7.e3 b6 8.Bd3 Bb7
9.O-O Nbd7 10.Qe2 c5 11.Rfd1 Ne4 12.Bg3 Nxg3 13.hxg3 cxd4 14.exd4  1/2-1/2

[Event "14th Puhajarve Rapid"]
[Site "Puhajarve EST"]
[Date "2013.11.29"]
[Round "2.2"]
[White "Georgiev,Ki"]
[Black "Haavamae,Henrik"]
[Result "1-0"]
[WhiteElo "2648"]
[BlackElo "2023"]

1.d4 Nf6 2.Nf3 e6 3.Bg5 d5 4.e3 Be7 5.c4 O-O 6.Nbd2 h6 7.Bh4 b6 8.cxd5 exd5
9.Bd3 Bg4 10.O-O Nbd7 11.h3 Bxf3 12.Nxf3 Ne4 13.Bxe7 Qxe7 14.Rc1 Rac8 15.Ba6 Rb8
16.Rxc7 Qd6 17.Qc2 Ndc5 18.Rxa7 Nxa6 19.Rxa6 Rfc8 20.Qb3 Rc6 21.Qb5 f6 22.a4 Rc4
23.Ra7 Rb4 24.Qd7 Qxd7 25.Rxd7 Rxb2 26.Rc1 Kh8 27.Rcc7 Rg8 28.Rxd5 Nxf2 29.Nh4 Nd1
30.Re7 Nc3 31.Rdd7 Nxa4 32.Nf5 b5 33.Nxh6  1-0

[Event "14th Puhajarve Rapid"]
[Site "Puhajarve EST"]
[Date "2013.11.29"]
[Round "9.2"]
[White "Valgmae,Toomas"]
[Black "Georgiev,Ki"]
[Result "0-1"]
[WhiteElo "2226"]
[BlackElo "2648"]

1.d4 Nf6 2.c4 b6 3.Nf3 Bb7 4.g3 g6 5.Bg2 Bg7 6.O-O O-O 7.Nc3 Ne4 8.Qc2 Nxc3
9.Qxc3 c5 10.e3 e6 11.b3 Bxf3 12.Bxf3 Nc6 13.Rd1 Qf6 14.Bxc6 dxc6 15.Bb2 Rfd8
16.Qc2 Rd7 17.Qe4 Rc8 18.Rd2 Qf5 19.Qxf5 gxf5 20.Rad1 Rcd8 21.Kf1 cxd4 22.Bxd4 Bf8
23.Ke2 Bb4 24.Rd3 Be7 25.Be5 Rxd3 26.Rxd3 Kf8 27.a4 Ke8 28.f3 Rc8 29.e4 fxe4
30.fxe4 a6 31.Rd1 b5 32.Kd3 f6 33.Bc3 Rb8 34.axb5 cxb5 35.Ra1 Rb6 36.cxb5 Rxb5
37.Kc2 Rb6 38.Ra5 Kf7 39.Bd4 Rc6+ 40.Kd3 Bb4 41.Ra1 e5 42.Bb2 Rd6+ 43.Kc4 a5
44.Rf1 Ke6 45.Rf2 Rd1 46.Re2 h5 47.Kb5 Rd3 48.Kc4 Rf3 49.Ba1 Kd6 50.Bb2 Kc6
51.Ba1 Rf1 52.Bb2 Kd6 53.Kb5 Rf3 54.Kc4 Ke6 55.Ba1 h4 56.gxh4 Rh3 57.Bb2 Rxh4
58.Kb5 Rh3 59.Ka4 Rf3 60.Ba3 Bc3 61.Bc5 Rd3 62.Bb6 Rd1 63.Kb5 Rb1 64.Kc4 Bb4
65.Re3 Rc1+ 66.Kb5  0-1

[Event "14th Puhajarve Rapid"]
[Site "Puhajarve EST"]
[Date "2013.11.30"]
[Round "12.5"]
[White "Georgiev,Ki"]
[Black "Schuls,O"]
[Result "1-0"]
[WhiteElo "2648"]
[BlackElo "2224"]

1.d4 Nf6 2.Nf3 e6 3.Bg5 Be7 4.e3 b6 5.Bd3 Bb7 6.O-O h6 7.Bh4 d6 8.c4 Nbd7
9.Nc3 a6 10.Re1 O-O 11.e4 e5 12.d5 Re8 13.Bg3 Nf8 14.b4 Bc8 15.Nd2 Ng6 16.a4 Nf4
17.Bf1 g5 18.a5 h5 19.axb6 cxb6 20.f3 h4 21.Bf2 Kg7 22.c5 dxc5 23.bxc5 Bxc5
24.Bxc5 bxc5 25.Nc4 g4 26.fxg4 Bxg4 27.Qd2 Ng6 28.Qf2 Nd7 29.Nd6 Rf8 30.h3 Qe7
31.Nc4 Bh5 32.Ne3 Kh7 33.Nf5 Qg5 34.Kh1 Ne7 35.Nxh4 f5 36.exf5 Kh8 37.Ne4 Qf4
38.Qxf4 exf4 39.Nxc5 Nxf5 40.Nxd7 Nxh4 41.Nxf8 Rxf8 42.Rxa6 Nf5 43.Kg1 Kg7
44.Bd3 Ne3 45.d6 Rd8 46.Rc1 Kf6 47.Rc8 Rd7 48.Rc7 Be8 49.Rxd7 Bxd7 50.Be4 Ke6
51.Bf3 Bb5 52.Rb6 Bd7 53.h4  1-0

[Event "14th Puhajarve Rapid"]
[Site "Puhajarve EST"]
[Date "2013.11.30"]
[Round "18.4"]
[White "Georgiev,Ki"]
[Black "Volodin,Alek"]
[Result "1-0"]
[WhiteElo "2648"]
[BlackElo "2477"]

1.d4 Nf6 2.Nf3 c5 3.d5 b5 4.c4 b4 5.Nbd2 d6 6.a3 bxa3 7.Rxa3 g6 8.e4 Bg7
9.Bd3 O-O 10.O-O e5 11.Ne1 Na6 12.Be2 Nb4 13.g3 Bh3 14.Ng2 Re8 15.Kh1 Qd7
16.f3 Nh5 17.f4 Nf6 18.Bf3 Re7 19.Re1 Rae8 20.Re2 Bh6 21.fxe5 Rxe5 22.Nf4 Bg4
23.Qf1 Nc2 24.Bxg4 Qxg4 25.Rd3 Nd4 26.Ree3 Nxe4 27.Nxe4 Rxe4 28.Rxe4 Rxe4
29.Re3 Rxe3 30.Bxe3 Nf5 31.Bd2 Bg7 32.b4 cxb4 33.Bxb4 Be5 34.Bd2 a5 35.Bxa5 Qxg3
36.hxg3 Nxg3+ 37.Kg1 Nxf1 38.Nd3 Ne3 39.Nxe5 Kf8 40.Kf2 Nd1+ 41.Ke2 Nb2 42.c5 Ke7
43.Nc6+ Kd7 44.Nb8+ Ke7 45.Bc7 Nc4 46.Kd3 Ne5+ 47.Ke4  1-0

[Event "14th Puhajarve Rapid"]
[Site "Puhajarve EST"]
[Date "2013.11.30"]
[Round "20.1"]
[White "Georgiev,Ki"]
[Black "Ladva,O"]
[Result "1/2-1/2"]
[WhiteElo "2648"]
[BlackElo "2335"]

1.d4 d5 2.c4 e6 3.Nf3 Nf6 4.g3 Bb4+ 5.Bd2 Be7 6.Bg2 O-O 7.O-O c6 8.Qb3 b6
9.cxd5 cxd5 10.Rc1 Bb7 11.Bb4 Nc6 12.Bxe7 Qxe7 13.Nc3 Rac8 14.e3 Na5 15.Qd1 Nc4
16.b3 Nd6 17.Ne5 Rc7 18.Ne2 Rfc8 19.Rxc7 Rxc7 20.Rc1 Nfe4 21.f3 Nf6 22.Rxc7 Qxc7
23.Qc1 Qxc1+ 24.Nxc1 Kf8 25.Bf1 Ke7 26.Kf2 Nd7 27.Bd3 h6 28.Ne2 f6 29.Nxd7 Kxd7
30.Nf4 Ke7 31.g4 g5 32.Ne2 Bc6 33.Nc3 e5 34.Ke2 Ke6 35.Bh7 exd4 36.exd4 Nb5
37.Kd3 Nxc3 38.Kxc3 Kd6 39.Bd3 Bd7 40.Kb4 Bc6 41.a3 Bd7 42.Bf5 Bc6 43.Kc3 Be8
44.Bd3 Bc6 45.Be2 Bd7 46.Kd2 Bc6 47.Ke3 Bd7 48.f4 Bc6 49.Bd3 Bd7 50.Be2 Bc6
51.Kf3 Bd7 52.Ke3 Bc6 53.f5 Bd7 54.Bd3 Bc6 55.Kd2 Bd7 56.Kc3 Bc6 57.Kb4 Bd7
58.Bb5 Bc8 59.Bd3 Bd7 60.Kc3 Bc6  1/2-1/2

[Event "14th Puhajarve Rapid"]
[Site "Puhajarve EST"]
[Date "2013.11.30"]
[Round "21.1"]
[White "Kulaots,K"]
[Black "Georgiev,Ki"]
[Result "1/2-1/2"]
[WhiteElo "2567"]
[BlackElo "2648"]

1.e4 c5 2.Nf3 d6 3.d4 cxd4 4.Nxd4 Nf6 5.Nc3 a6 6.Be2 Nbd7 7.O-O g6 8.f4 Bg7
9.Kh1 O-O 10.a4 Re8 11.a5 e5 12.fxe5 Rxe5 13.Bf4 Rxa5 14.Rxa5 Qxa5 15.Bxd6 Qb6
16.e5 Ne8 17.Rxf7 Nxd6 18.Rxg7+ Kxg7 19.Ne6+ Kg8 20.Nd5 Qxb2 21.exd6 Qe5
22.Ne7+ Kh8 23.Nd8 Qf6 24.h3 Nc5 25.Qd5 Be6 26.Nxe6 Nxe6 27.Bc4 Nf4 28.Qxb7 Rd8
29.Nc8 Qe5 30.Qe7 Qxe7 31.dxe7 Rxc8 32.Bf7 Kg7 33.e8=Q Rxe8 34.Bxe8 Kf6 35.Kg1 Ke5
36.Kf2 Kd4 37.h4 a5 38.g3 Nd5 39.Kf3 Kc3 40.Bc6 Nb4 41.Bd7 Nxc2 42.Kf4 Nd4
43.Kg5 Kb4 44.g4 Nf3+ 45.Kh6 Nxh4 46.Kxh7 g5 47.Kh6 Nf3 48.Bc6 Ne5 49.Be8 Nxg4+
50.Kxg5 Ne3 51.Kf4 Nd5+ 52.Kf3 Nc7 53.Bd7 Nb5 54.Bxb5 Kxb5 55.Ke3 Kb4 56.Kd2 Kb3
57.Kc1  1/2-1/2

[Event "14th Puhajarve Rapid"]
[Site "Puhajarve EST"]
[Date "2013.11.30"]
[Round "24.1"]
[White "Georgiev,Ki"]
[Black "Sepp,O"]
[Result "1-0"]
[WhiteElo "2648"]
[BlackElo "2440"]

1.d4 Nf6 2.Nf3 g6 3.c3 Bg7 4.Bg5 O-O 5.Nbd2 d6 6.e4 c5 7.dxc5 dxc5 8.Be2 Nc6
9.O-O h6 10.Be3 b6 11.h3 Qc7 12.Qc2 Nh5 13.Rfe1 Nf4 14.Bf1 Be6 15.Nc4 Rad8
16.a4 g5 17.Rad1 Rxd1 18.Rxd1 g4 19.Nh4 gxh3 20.g3 Nh5 21.Nf5 Bxf5 22.exf5 Nxg3
23.Bxh3 Nh5 24.Qe4 Nf6 25.Qf4 Qxf4 26.Bxf4 Rd8 27.Rxd8+ Nxd8 28.Bg2 Ne8 29.Bb8 Nd6
30.Nxd6 exd6 31.Bxa7  1-0

[Event "14th Puhajarve Rapid"]
[Site "Puhajarve EST"]
[Date "2013.11.30"]
[Round "27.5"]
[White "Leito,P"]
[Black "Georgiev,Ki"]
[Result "0-1"]
[WhiteElo "2333"]
[BlackElo "2648"]

1.c4 e5 2.Nc3 Nf6 3.g3 c6 4.Nf3 e4 5.Nd4 d5 6.cxd5 Bc5 7.Nb3 Bb6 8.Bg2 cxd5
9.d3 e3 10.fxe3 O-O 11.d4 Re8 12.O-O Nc6 13.Rxf6 Qxf6 14.Nxd5 Qg6 15.Nxb6 axb6
16.e4 Rxe4 17.Bxe4 Qxe4 18.Qd3 Qxd3 19.exd3 Be6 20.Nd2 Nxd4 21.b3 Nxb3 22.Nxb3 Bxb3
23.Rb1 Bxa2 24.Rxb6 Bd5 25.Kf2 f6 26.Rd6 Bc6 27.Re6 Ra1 28.Re1 Kf7 29.Bf4 Ra3
30.Ke3 g5 31.Bc7 Kg6 32.Rb1 h5 33.Rb4 Ra2 34.h4 Rc2 35.Rd4 Kf5 36.Bd8 Rg2
37.Bc7 Kg6 38.Rb4 Rg1 39.Rd4 Rf1 40.Rb4 Rf5 41.Rd4 Kf7 42.Rb4 Ke6 43.Rd4 Rf3+
44.Ke2 Rf5 45.Rd6+ Ke7 46.Rd4 Bd5 47.Bb6 Kd6 48.Rb4 Kc6 49.Bf2 b5 50.Rb1 Re5+
51.Kd2 Bf3 52.Re1 Rf5 53.Bd4 Bd5 54.Re2 Rf3 55.Rf2 Rxg3 56.Rxf6+ Kd7 57.Rf5 Ke6
58.Re5+ Kd6 59.Rxg5 Rxg5 60.hxg5 h4 61.g6 h3 62.Bg1 Ke6 63.Kc3 Kf6 64.Kd4 Bc6
65.Kc5 Be8 66.Kd5 Kxg6 67.Ke4 b4 68.Kf3 b3 69.Bd4 Bd7 70.Kg3 Kf7 71.Bc3 Bf5
72.Bb2 Ke6 73.Bc3 Kd5 74.Kh2 Kc5 75.Kg3 Kb5 76.Kh2 Ka4 77.Bb2 Kb4 78.Kg3 Bd7
79.Kh2 Kc5 80.Bc3 Kd5 81.Kg3 Bg4 82.Bb2 Ke6 83.Bc3 Kf5 84.Bb2 Kg5 85.Bc3 Be6
86.Bb2 Bd7 87.Bc3 Kg6 88.Bb2 Kh5 89.Bc3 Kg5 90.Bb2 Kg6 91.Bc3 Be6 92.Bb2 Kf7
93.Bc3 Ke7 94.Bb2 Kd6 95.Bc3 Kd5 96.Bb2 Kc5 97.Bc3 Kb5 98.Kh2 Ka4 99.Bb2 Kb4
100.Kg3 Bd7 101.Bc3+ Kb5 102.Bb2 Kb4 103.Kh2 Bf5 104.Kg3 Be6 105.Kh2  0-1

[Event "14th Puhajarve Rapid"]
[Site "Puhajarve EST"]
[Date "2013.12.01"]
[Round "30.1"]
[White "Georgiev,Ki"]
[Black "Liiva,R"]
[Result "1-0"]
[WhiteElo "2648"]
[BlackElo "2454"]

1.d4 d5 2.Nf3 c6 3.Bf4 Bg4 4.e3 Nf6 5.c4 e6 6.Nc3 Nh5 7.Bg3 Nd7 8.Bd3 Be7
9.Qc2 Bxf3 10.gxf3 g6 11.O-O-O Qa5 12.Kb1 O-O 13.e4 Nb6 14.Ne2 dxc4 15.Bxc4 Nxc4
16.Qxc4 Rfd8 17.Be5 Qb4 18.Qc2 Bf6 19.f4 Qe7 20.Ng3 Ng7 21.f3 Rd7 22.h4 Rad8
23.Ne2 Bxh4 24.Rdg1 Bf6 25.a3 Bxe5 26.fxe5 c5 27.Qc1 h5 28.Nf4 Rxd4 29.Nxh5 Nxh5
30.Qh6 Qf8 31.Qxh5 Rd1+ 32.Ka2 Qg7 33.Qg5 R1d2 34.Rh3 Rd1 35.Rg2 R8d2 36.Rxd2  1-0

[Event "14th Puhajarve Rapid"]
[Site "Puhajarve EST"]
[Date "2013.12.01"]
[Round "32.1"]
[White "Georgiev,Ki"]
[Black "Rauk,T"]
[Result "1-0"]
[WhiteElo "2648"]
[BlackElo "2207"]

1.d4 Nf6 2.Nf3 e6 3.Bf4 c5 4.e3 d5 5.c3 Bd6 6.Bg3 O-O 7.Nbd2 b6 8.Bd3 Bb7
9.Ne5 Nc6 10.O-O Qc7 11.f4 Nd7 12.Qh5 f5 13.Qe2 Nf6 14.Bh4 Ne4 15.Nxe4 fxe4
16.Bb5 Nxe5 17.fxe5 Be7 18.Bg3 Bc6 19.a4 c4 20.Qg4 Qd7 21.h4 Rxf1+ 22.Rxf1 a6
23.Bxc6 Qxc6 24.h5 Rf8 25.Bf4 Qd7 26.Qd1 Qe8 27.g4 Qc6 28.Kg2 Ra8 29.g5 g6
30.Qg4 b5 31.hxg6 hxg6 32.Rh1 Kf7 33.axb5 axb5 34.Qh3 Rg8 35.Rf1 Rg7 36.Qh8  1-0

[Event "14th Puhajarve Rapid"]
[Site "Puhajarve EST"]
[Date "2013.12.01"]
[Round "33.1"]
[White "Karpov,Ana"]
[Black "Georgiev,Ki"]
[Result "1/2-1/2"]
[WhiteElo "2619"]
[BlackElo "2648"]

1.d4 Nf6 2.c4 e6 3.Nc3 Bb4 4.Qc2 d5 5.cxd5 Qxd5 6.e3 c5 7.Bd2 Bxc3 8.Bxc3 cxd4
9.Bxd4 Nc6 10.Bc3 O-O 11.Nf3 Rd8 12.Be2 Qc5 13.Rc1 Nd5 14.O-O Nxc3 15.Qxc3 Qxc3
16.Rxc3 Bd7 17.a3 Rac8 18.Rfc1 Kf8 19.Ng5 Ke7 20.Ne4 Ne5 21.f4 Rxc3 22.Rxc3 Bc6
23.Ng3 Nd7 24.b4 Nf6 25.b5 Bd5 26.Kf2 Ne4+  1/2-1/2

[Event "14th Puhajarve Rapid"]
[Site "Puhajarve EST"]
[Date "2013.12.01"]
[Round "34.1"]
[White "Georgiev,Ki"]
[Black "Elmaste,G"]
[Result "1-0"]
[WhiteElo "2648"]
[BlackElo "2177"]

1.d4 c6 2.Nf3 d5 3.Bf4 Nf6 4.e3 Bg4 5.c4 e6 6.Nc3 Bd6 7.Bg3 O-O 8.Bd3 Bh5
9.Qb3 Bxg3 10.hxg3 Qb6 11.Qc2 Bg6 12.Bxg6 hxg6 13.O-O-O Nbd7 14.Rh4 Rfc8
15.Rdh1 Kf8 16.c5 Qa5 17.g4 b6 18.g5 Ng8 19.Rf4 Ke7 20.Rh7 bxc5 21.Rxg7 Rf8
22.Qxg6 Kd6 23.Rfxf7 Rad8 24.Rxf8 Nxf8 25.Qf7 cxd4 26.exd4 c5 27.Rxg8 cxd4
28.Qf4+  1-0

[Event "14th Puhajarve Rapid"]
[Site "Puhajarve EST"]
[Date "2013.12.01"]
[Round "35.1"]
[White "Ozolins,Ar"]
[Black "Georgiev,Ki"]
[Result "1/2-1/2"]
[WhiteElo "2185"]
[BlackElo "2648"]

1.e4 c5 2.Nf3 e6 3.c4 Nc6 4.Nc3 e5 5.d3 d6 6.Nd5 Be7 7.h3 Nf6 8.Be2 O-O 9.O-O Be6
10.Be3 a6 11.Nxe7+ Qxe7 12.Bg5  1/2-1/2

[Event "Zagreb Open 2014"]
[Site "Zagreb CRO"]
[Date "2014.03.17"]
[Round "1.1"]
[White "Filipovic,T2"]
[Black "Georgiev,Ki"]
[Result "0-1"]
[WhiteElo "2047"]
[BlackElo "2625"]

1.d4 Nf6 2.c4 e6 3.Nf3 b6 4.g3 Ba6 5.b3 b5 6.cxb5 Bxb5 7.Bg2 d5 8.O-O Bd6
9.Bb2 O-O 10.Nc3 Ba6 11.Re1 Nbd7 12.Rc1 Rc8 13.a3 c5 14.e4 cxd4 15.Nxd4 Ne5
16.Ndb5 Bc5 17.exd5 Neg4 18.Ne4 Nxe4 19.Qxg4 Bxf2+ 20.Kh1 Nf6 21.Rxc8 Nxg4
22.Rxd8 Rxd8 23.Re4 f5 24.Rb4 Bc5 25.Rc4 Nf2+ 26.Kg1 Nd3+ 27.Rxc5 Nxc5 28.Nc7 exd5
29.Bxd5+ Kh8 30.Bd4 Rd7 31.Bxc5 Rxc7 32.b4 Bb5 33.Be6 Bd7 34.Bb3 h6 35.Kf2 g5
36.Ke3 Kg7 37.Kd4 Kf6 38.a4 Be6 39.Bc2 f4 40.gxf4 gxf4 41.Be4 Bf5 42.Bf3 Rd7+
43.Kc4 Ke5 44.a5 Bd3+ 45.Kc3 Bb5 46.Bd4+ Rxd4  0-1

[Event "Zagreb Open 2014"]
[Site "Zagreb CRO"]
[Date "2014.03.18"]
[Round "2.1"]
[White "Georgiev,Ki"]
[Black "Matic,Z"]
[Result "1-0"]
[WhiteElo "2625"]
[BlackElo "2229"]

1.Nf3 d5 2.d4 e6 3.c4 c5 4.cxd5 exd5 5.Bg5 f6 6.Bf4 Nc6 7.e3 c4 8.Be2 Be6
9.O-O Bb4 10.a3 Ba5 11.b3 cxb3 12.Qxb3 Qd7 13.Rc1 Nge7 14.Nc3 Bxc3 15.Qxc3 g5
16.Bg3 Nf5 17.Nd2 Rc8 18.Nb3 Nxg3 19.hxg3 Qf7 20.Nc5 Bf5 21.e4 dxe4 22.g4 Bg6
23.Bb5 Kf8 24.d5 Ne5 25.Ne6+ Qxe6 26.Qb4+  1-0

[Event "Zagreb Open 2014"]
[Site "Zagreb CRO"]
[Date "2014.03.19"]
[Round "3.1"]
[White "Galic,I1"]
[Black "Georgiev,Ki"]
[Result "0-1"]
[WhiteElo "1834"]
[BlackElo "2625"]

1.e4 e5 2.Nf3 Nc6 3.Bb5 Nf6 4.O-O Nxe4 5.Qe2 Nd6 6.Bxc6 dxc6 7.Qxe5+ Qe7
8.Qa5 Qd8 9.Qe5+ Qe7 10.Qa5 Qd7 11.Qe5+ Qe6 12.Qa5 Be7 13.Re1 Qd7 14.Qg5 Nf5
15.Nh4 Nxh4 16.Qxh4 Qd6 17.d3 Be6 18.Bg5 Qb4 19.Qxb4 Bxb4 20.Bd2 Be7 21.Bc3 Rg8
22.Nd2 O-O-O 23.Ne4 b6 24.Ng3 Rd5 25.Be5 Bd8 26.Bc3 c5 27.b3 h5 28.Ne2 Bd7
29.Kf1 g5 30.Ng1 h4 31.Re3 g4 32.Re5 Rd6 33.Rh5 a5 34.a4 Bc6 35.Re1 h3 36.g3 Bg2+
37.Ke2 Bc6 38.f3 Bf6 39.Bxf6 Rxf6 40.fxg4 Bd7 41.Re5 Bxg4+ 42.Ke3 Kd7 43.Re4 Kd6
44.Rf4 Re8+ 45.Kf2 Rxf4+ 46.gxf4 Rg8 47.Ne2 Bxe2 48.Rxe2 c6 49.Kf3 Rg1 50.Kf2 Rg8
51.Kf3 Kd5 52.c3 Rg1 53.Re5+ Kd6 54.Rh5 Rb1 55.c4 Rxb3 56.Ke3 b5 57.axb5 cxb5
58.cxb5 c4 59.Kd4 cxd3 60.Ke4 a4 61.Rd5+ Kc7 62.Rxd3 Rxd3 63.Kxd3 Kb6 64.Kc4 a3
65.Kb3 Kxb5 66.Kxa3 Kc4 67.f5 Kd4 68.Kb3 Ke4 69.f6 Kf3 70.Kc4 Kg2 71.Kd5 Kxh2
72.Kd6 Kg3 73.Ke7 h2 74.Kxf7 h1=Q 75.Kg8 Qa8+  0-1

[Event "Zagreb Open 2014"]
[Site "Zagreb CRO"]
[Date "2014.03.20"]
[Round "4.1"]
[White "Georgiev,Ki"]
[Black "Zufic,M"]
[Result "1/2-1/2"]
[WhiteElo "2625"]
[BlackElo "2458"]

1.Nf3 Nf6 2.c4 e6 3.g3 b6 4.Bg2 c6 5.O-O d5 6.b3 Be7 7.d4 O-O 8.Qc2 Ba6 9.Rd1 Nbd7
10.Nbd2 Rc8 11.e4 c5 12.exd5 exd5 13.Bb2 cxd4 14.Nxd4 b5 15.Qf5 bxc4 16.bxc4 Qb6
17.Rab1 dxc4 18.Ba3 Bxa3 19.Rxb6 axb6 20.Nb1 Bc5 21.Nc3 Rfe8 22.Nc6 Nf8 23.Na4 Ne6
24.Qc2 h6 25.Nxc5 Nxc5 26.Nd4 Nd3 27.Qc3 Rc5 28.Rb1 Bc8 29.a4 Ne4 30.Bxe4 Rxe4
31.h4 Bd7 32.Rxb6 Bxa4 33.Rd6 Be8 34.Rd8 Kh7 35.Kg2 Ne1+ 36.Kh2 Nd3 37.Qc2 f6
38.f3 Re1 39.g4 h5 40.Qa2 c3 41.Qc2 Bg6 42.Qa2 Be8 43.Qc2 Bg6 44.Qa2 Be8  1/2-1/2

[Event "Zagreb Open 2014"]
[Site "Zagreb CRO"]
[Date "2014.03.21"]
[Round "5.3"]
[White "Jovanic,O"]
[Black "Georgiev,Ki"]
[Result "1/2-1/2"]
[WhiteElo "2526"]
[BlackElo "2625"]

1.d4 Nf6 2.c4 g6 3.Nc3 d5 4.Nf3 Bg7 5.Qb3 dxc4 6.Qxc4 O-O 7.e4 Na6 8.Be2 c5
9.d5 e6 10.Bg5 exd5 11.Nxd5 Be6 12.Rd1 Qa5+ 13.Rd2 Bxd5 14.exd5 Rfe8 15.Bxf6 Bxf6
16.O-O Rad8 17.Qb5 Qxb5 18.Bxb5 Re4 19.Rc1 Bd4 20.Bd3 Rf4 21.Bc4 Nc7 22.Nxd4 Rxd4
23.Rxd4 cxd4 24.Rd1 Nxd5 25.Rxd4 Rc8 26.g3 Nf6 27.Kg2 Kf8 28.g4 g5 29.h4 h6
30.Kg3 Ke7 31.a3 Rc7 32.f4 gxh4+ 33.Kxh4 Rd7 34.Rxd7+ Nxd7 35.b3 Nf6 36.a4 b6
37.Bd3 Ne8 38.Kh5 Nf6+ 39.Kh4 Ne8 40.Kh5  1/2-1/2

[Event "Zagreb Open 2014"]
[Site "Zagreb CRO"]
[Date "2014.03.22"]
[Round "6.4"]
[White "Georgiev,Ki"]
[Black "Lekic,Du"]
[Result "1-0"]
[WhiteElo "2625"]
[BlackElo "2433"]

1.d4 d5 2.c4 c6 3.Nf3 Nf6 4.Nc3 e6 5.e3 Nbd7 6.Qc2 Bd6 7.Bd3 O-O 8.O-O dxc4
9.Bxc4 b5 10.Bd3 Bb7 11.Ng5 c5 12.Nxb5 Bb8 13.dxc5 Nxc5 14.Bxh7+ Kh8 15.Qxc5 Nxh7
16.e4 Nxg5 17.Bxg5 f6 18.Rad1 Qe8 19.Bh4 Bxe4 20.Rfe1 Bf5 21.Nd4 Be5 22.Nxf5 Qh5
23.Bg3 Bxg3 24.hxg3 Qxf5 25.Qxf5 exf5 26.Rd7 Rfd8 27.Ree7 Rxd7 28.Rxd7 a5
29.a4 Rc8 30.Rd5 Rc1+ 31.Kh2 Rc2 32.Rxf5 Rxb2 33.f3 Ra2 34.Rxa5 Kh7 35.g4 g5
36.Ra7+ Kg6 37.a5 Ra1 38.a6 Kh6 39.g3 Kg6 40.Kg2 Ra3 41.Kf2 Kh6 42.Ke2 Kg6
43.Ra8 Kg7 44.Kf2 Kh7 45.Ke2 Kg7 46.f4 Rxg3 47.fxg5 fxg5 48.Rc8 Ra3 49.Rc6 Ra4
50.Kd3 Rxg4 51.Kc3 Ra4 52.Kb3 Ra1 53.Kb4 Kf7 54.Kb5 Ke7 55.Rg6 Kd7 56.a7 Rb1+
57.Ka6  1-0

[Event "Zagreb Open 2014"]
[Site "Zagreb CRO"]
[Date "2014.03.22"]
[Round "7.2"]
[White "Georgiev,Ki"]
[Black "Martinovic,Sa"]
[Result "1/2-1/2"]
[WhiteElo "2625"]
[BlackElo "2532"]

1.d4 Nf6 2.Nf3 g6 3.c3 Bg7 4.Bg5 O-O 5.Nbd2 d5 6.e3 Nbd7 7.b4 Re8 8.Be2 e5
9.O-O h6 10.Bh4 e4 11.Ne1 Nb6 12.a4 Be6 13.a5 Nc8 14.c4 Nd6 15.cxd5 Bxd5
16.b5 Nf5 17.Bxf6 Qxf6 18.Rc1 Bf8 19.Rxc7 Rac8 20.Rxc8 Rxc8 21.Qa4 Bd6 22.Bc4 Nxd4
23.exd4 Qxd4 24.b6 Bxc4 25.Nxc4 Rxc4 26.bxa7 Rxa4 27.a8=Q+ Kg7 28.Qxb7 Rxa5
29.Nc2 Qe5 30.g3 Bc5 31.Re1 Qf5 32.Ne3 Bxe3 33.Qb2+ Qf6 34.Qxf6+ Kxf6 35.Rxe3 Ke5
36.h4 f5 37.Rb3 g5 38.hxg5 hxg5 39.Rb8 f4 40.Re8+ Kd4 41.gxf4 gxf4 42.Rd8+ Rd5
43.Ra8 Kd3 44.Kf1 f3 45.Ke1 Rc5 46.Rd8+ Kc2 47.Ra8 Rc4 48.Rd8 Kc1 49.Re8 Kc2
50.Rd8 Rb4 51.Rc8+ Kd3 52.Rd8+ Rd4 53.Ra8 Rd5 54.Ra3+ Kd4 55.Ra8 Ke5 56.Re8+ Kf4
57.Rf8+ Kg4 58.Rg8+ Kf4  1/2-1/2

[Event "Zagreb Open 2014"]
[Site "Zagreb CRO"]
[Date "2014.03.23"]
[Round "8.3"]
[White "Cvitan,O"]
[Black "Georgiev,Ki"]
[Result "1/2-1/2"]
[WhiteElo "2526"]
[BlackElo "2625"]

1.d4 Nf6 2.c4 e6 3.Nc3 Bb4 4.e3 O-O 5.Bd3 d5 6.Nf3 c5 7.O-O dxc4 8.Bxc4 Nc6
9.a3 Bxc3 10.bxc3 Qc7 11.Ba2 e5 12.h3 b6 13.Re1 e4 14.Nd2 Ba6 15.c4 Rfe8
16.Bb2 cxd4 17.exd4 Qf4 18.Qe2 Rad8  1/2-1/2

[Event "Zagreb Open 2014"]
[Site "Zagreb CRO"]
[Date "2014.03.24"]
[Round "9.4"]
[White "Georgiev,Ki"]
[Black "Kurajica,B"]
[Result "1/2-1/2"]
[WhiteElo "2625"]
[BlackElo "2505"]

1.d4 Nf6 2.c4 e6 3.Nc3 Bb4 4.Qc2 d6 5.a3 Bxc3+ 6.Qxc3 O-O 7.Nf3 Qe7 8.Bg5 Re8
9.e3 e5 10.Bh4 c5 11.dxe5 dxe5 12.Nd2 b6 13.Bd3 Bb7 14.O-O Nbd7 15.Rad1 e4
16.Be2 Ne5 17.Qc2 Qe6 18.Kh1 Rad8 19.Bxf6 Qxf6 20.Nxe4 Qg6 21.f3 Rxd1 22.Rxd1 Bxe4
23.fxe4 h6 24.Rd5 Qg5 25.Qd2 Qh4 26.h3 Qxe4 27.b3 Ng6 28.Rd8 Rxd8 29.Qxd8+ Nf8
30.Qd2 Ne6 31.Bd1 Qe5 32.Kg1 g6 33.Qd3  1/2-1/2